New education act for general education in Sri Lanka: proposals: (Record no. 4647)

MARC details
000 -LEADER
fixed length control field 00620nam a22001457a 4500
008 - FIXED-LENGTH DATA ELEMENTS--GENERAL INFORMATION
fixed length control field 240118b |||||||| |||| 00| 0 eng d
082 ## - DEWEY DECIMAL CLASSIFICATION NUMBER
Classification number 370
Item number NAT
942 ## - ADDED ENTRY ELEMENTS (KOHA)
Item Type Reports
110 ## - MAIN ENTRY--CORPORATE NAME
Corporate Name National committee for formulating a new education act for general education
245 ## - TITLE STATEMENT
Title New education act for general education in Sri Lanka: proposals:
Sub Title final draft
260 ## - PUBLICATION, DISTRIBUTION, ETC. (IMPRINT)
Place of Publication [Colombo]:
Name of Publisher National committee for formulating a new education act for general education
Date of Copyright [2008?]
300 ## - PHYSICAL DESCRIPTION
Extent xvii., 225 p.
856 ## - ELECTRONIC LOCATION AND ACCESS
Uniform Resource Identifier <a href="https://nec.gov.lk/wp-content/uploads/2017/12/Towards-a-New-Education-Act.pdf">https://nec.gov.lk/wp-content/uploads/2017/12/Towards-a-New-Education-Act.pdf</a>
650 ## - SUBJECT ADDED ENTRY--TOPICAL TERM
Topical Term EDUCATION POLICIES-Sri Lanka
Holdings
Withdrawn status Lost status Source of classification or shelving scheme Damaged status Not for loan Permanent location Current location Date acquired Total Checkouts Full call number Barcode Date last seen Price effective from Koha item type
    Dewey Decimal Classification     Resource center, Muslim Women's Research And Action Forum Resource center, Muslim Women's Research And Action Forum 2024-01-18   370 NAT RAF4768 2024-01-18 2024-01-18 Reports

Copyright © 2023 Muslim Women's Research and Action Forum (MWRAF), No 27/3, Anderson Road, Kalubowila, Dehiwela. Funded by The Asia Fundation